Creative management / (Record no. 26762)

MARC details
000 -LEADER
fixed length control field 00923cam a22002655a 4500
001 - CONTROL NUMBER
control field 1527489
005 - DATE AND TIME OF LATEST TRANSACTION
control field 20201128024347.0
008 - FIXED-LENGTH DATA ELEMENTS--GENERAL INFORMATION
fixed length control field 900912s1991 enk frb 001 0 eng d
020 ## - INTERNATIONAL STANDARD BOOK NUMBER
International Standard Book Number 9780803984912
020 ## - INTERNATIONAL STANDARD BOOK NUMBER
International Standard Book Number 080398491X
040 ## - CATALOGING SOURCE
Original cataloging agency DLC
Transcribing agency DLC
Modifying agency DLC
-- EG-ScBUE
Language of cataloging eng
082 04 - DEWEY DECIMAL CLASSIFICATION NUMBER
Edition number 22
Classification number 658.403
Item number CRE
245 00 - TITLE STATEMENT
Title Creative management /
Statement of responsibility, etc edited by Jane Henry.
260 ## - PUBLICATION, DISTRIBUTION, ETC. (IMPRINT)
Place of publication, distribution, etc London ;
-- Newbury Park :
Name of publisher, distributor, etc Sage Publications,
Date of publication, distribution, etc 1991.
300 ## - PHYSICAL DESCRIPTION
Extent xii, 323 p. ;
Dimensions 24 cm.
504 ## - BIBLIOGRAPHY, ETC. NOTE
Bibliography, etc Includes bibliographical references and index.
650 #7 - SUBJECT ADDED ENTRY--TOPICAL TERM
Topical term or geographic name as entry element Management.
Source of heading or term BUEsh
9 (RLIN) 553
650 #7 - SUBJECT ADDED ENTRY--TOPICAL TERM
Topical term or geographic name as entry element Creative thinking.
Source of heading or term BUEsh
9 (RLIN) 7850
651 ## - SUBJECT ADDED ENTRY--GEOGRAPHIC NAME
Source of heading or term BUEsh
653 ## - INDEX TERM--UNCONTROLLED
Resource For college Generalities
Arrived date list May2018
700 1# - ADDED ENTRY--PERSONAL NAME
Personal name Henry, Jane,
Relator term editor.
856 42 - ELECTRONIC LOCATION AND ACCESS
Materials specified Publisher description
Uniform Resource Identifier <a href="http://www.loc.gov/catdir/enhancements/fy0656/90052934-d.html">http://www.loc.gov/catdir/enhancements/fy0656/90052934-d.html</a>
856 41 - ELECTRONIC LOCATION AND ACCESS
Materials specified Table of contents only
Uniform Resource Identifier <a href="http://www.loc.gov/catdir/enhancements/fy0656/90052934-t.html">http://www.loc.gov/catdir/enhancements/fy0656/90052934-t.html</a>
942 ## - ADDED ENTRY ELEMENTS (KOHA)
Source of classification or shelving scheme Dewey Decimal Classification
Holdings
Withdrawn status Item status Source of classification or shelving scheme Damaged status Not for loan Home library Current library Shelving location Date acquired Total Checkouts Full call number Barcode Date last seen Koha item type
    Dewey Decimal Classification     Central Library Central Library First floor 22/05/2018   658.403 CRE 000047813 15/07/2025 Book - Borrowing